Exhibitions, exhibits (Record no. 42857)

MARC details
000 -LEADER
fixed length control field 00541nam a2200157 a 4500
008 - FIXED-LENGTH DATA ELEMENTS--GENERAL INFORMATION
fixed length control field 120416s1968 ||||||||||||||||| || u
050 ## - LIBRARY OF CONGRESS CALL NUMBER
Classification number T 396 Cla
100 ## - MAIN ENTRY--PERSONAL NAME
Personal name Rockwell, E
245 10 - TITLE STATEMENT
Title Exhibitions, exhibits
246 ## - VARYING FORM OF TITLE
Title proper/short title industrial and trade fairs
260 ## - PUBLICATION, DISTRIBUTION, ETC.
Place of publication, distribution, etc. London
Name of publisher, distributor, etc. The Architectural Press
Date of publication, distribution, etc. 1968
300 ## - PHYSICAL DESCRIPTION
Extent 208p. : ill.
350 ## - PRICE (NR) (BK AM CF MU VM SE) [OBSOLETE]
Price 0.00
700 ## - ADDED ENTRY--PERSONAL NAME
Personal name Clasen, Wolfgang
995 ## - RECOMMENDATION 995 [LOCAL, UNIMARC FRANCE]
-- 0.00
-- CBU-MAIN LIBRARY (Kitwe)
-- 1
-- 26.00
-- 1
-- AVAILABLE
-- Main Library Open Access Collection
Holdings
Withdrawn status Lost status Source of classification or shelving scheme Damaged status Not for loan Home library Current library Shelving location Date acquired Total Checkouts Full call number Barcode Date last seen Price effective from Koha item type
          CBU-MAIN LIBRARY, KITWE. CBU-MAIN LIBRARY, KITWE.   11/30/2022   T 396 Cla 013754 11/30/2022 11/30/2022 MONOGRAPH